<?xml version="1.0" encoding="UTF-8"?><OAI-PMH xmlns="http://www.openarchives.org/OAI/2.0/" xmlns:xsi="http://www.w3.org/2001/XMLSchema-instance"     xsi:schemaLocation="http://www.openarchives.org/OAI/2.0/ http://www.openarchives.org/OAI/2.0/OAI-PMH.xsd"><responseDate>2026-07-02T08:38:05Z</responseDate><request verb="GetRecord" identifier="oai:regmurcia.com:fintegr.4120" metadataPrefix="marc21">http://oai.regmurcia.com/oai2/oai2.php</request><GetRecord><record><header><identifier>oai:regmurcia.com:fintegr.4120</identifier><datestamp>2026-07-02</datestamp><setSpec>documentos</setSpec></header><metadata><record  xmlns="http://www.loc.gov/MARC21/slim" xmlns:xsi="http://www.w3.org/2001/XMLSchema-instance" xsi:schemaLocation="http://www.loc.gov/MARC21/slim http://www.loc.gov/standards/marcxml/schema/MARC21slim.xsd" type="Bibliographic"><leader>00000nam a2200000   4500</leader><controlfield tag="001" >005194639</controlfield><controlfield tag="003" >4120</controlfield><controlfield tag="004" >A00000000</controlfield><datafield tag="245" ind1=" " ind2=" "><subfield code="a">&quot;Voz de gratitud&quot;</subfield></datafield><datafield tag="300" ind1=" " ind2=" "><subfield code="a">3 pp</subfield></datafield><datafield tag="351" ind1=" " ind2=" "><subfield code="a">Unidad Documental Simple</subfield><subfield code="c">RSEAPMUR. Array</subfield><subfield code="a">Unidad Documental Simple</subfield><subfield code="c">RSEAPMUR. Array</subfield></datafield><datafield tag="520" ind1=" " ind2=" "><subfield code="a">Leída a la Sociedad por las niñas premiadas.
Rosalia Barnuevos, Vicenta Soriano, Narcisa Leonor, Eloisa Funes, Mariana Sánchez, Teresa García Valladolid, Rosa Alcaina, Julia Cebrian, Visitación López, Maria Pérez, Manuela Agulló, Dolores, Carmen Tudelas, Lligé, Rosario Manresa, Gertrudis Sánchez y Pura Cano</subfield></datafield><datafield tag="535" ind1=" " ind2=" "><subfield code="a">L091 C02 D01</subfield></datafield><datafield tag="583" ind1=" " ind2=" "><subfield code="u">http://www.regmurcia.com/servlet/s.Sl?METHOD=VERDOCUMENTO&amp;sit=serv,Carmesi&amp;n=/23/11160/C02_D01/indice.djvu</subfield></datafield><datafield tag="592" ind1=" " ind2=" "><subfield code="a">1856-01-07</subfield></datafield><datafield tag="592" ind1=" " ind2=" "><subfield code="d">1856-01-07 00:00:00</subfield></datafield><datafield tag="786" ind1=" " ind2=" "><subfield code="o">http://www.regmurcia.com/servlet/s.Sl?METHOD=VERDOCUMENTO&amp;sit=serv,Carmesi&amp;n=/23/11160/C02_D01/indice.djvu</subfield></datafield><datafield tag="856" ind1=" " ind2=" "><subfield code="u">http://www.regmurcia.com/servlet/s.Sl?METHOD=DETALLE&amp;sit=c,373,m,139,serv,Carmesi&amp;id=4120</subfield></datafield></record></metadata></record></GetRecord></OAI-PMH>
